00438nam a2200169Ia 4500003000400000005001700004008004100021040000700062041001200069082001500081100001700096245005400113260005800167365001300225650001500238650001500253OSt20250726114647.0210423s2001 xx 000 0 und d cAL aEnglish a150 bFORY aMark Forshaw aYour under graduate psychology project ABPS guide aNew DelhibAtlantic Publishers and Distributorsc2001 b295cINR aPhilosophy aPsychology